00537nam a22001697a 450000500170000001000150001702000260003203500140005803700130007208200100008510000170009524500520011226000570016427000990022130000210032070000260034120220429130035.0 aENG-132473 a9789390082469c350.00 aEN-116005 bDBAD/PUB a006.3 aK, Sivakumar aArtifical Intelligence/cSivaKumar K [et.al...] aNew DelhibBloomsbury Publishing India Pvt Ltdc2017 aDDA Complex, LSC Building No. 4, Second Floor, Pocket C-6 & 7, Vasant KunjbNew Delhie1100070 a256p.c22cm(pbk) aSivakumar K [et.al..]